Semiconductors and semimetals (Record no. 8502)

MARC details
000 -LEADER
fixed length control field 01599nam a2200421 4500
001 - CONTROL NUMBER
control field 000
003 - CONTROL NUMBER IDENTIFIER
control field 000
005 - DATE AND TIME OF LATEST TRANSACTION
control field 20150525105735.0
006 - FIXED-LENGTH DATA ELEMENTS--ADDITIONAL MATERIAL CHARACTERISTICS
fixed length control field m d
007 - PHYSICAL DESCRIPTION FIXED FIELD--GENERAL INFORMATION
fixed length control field cr n
008 - FIXED-LENGTH DATA ELEMENTS--GENERAL INFORMATION
fixed length control field 760620c19669999cau x mss 0 0eng c
022 ## - INTERNATIONAL STANDARD SERIAL NUMBER
Incorrect ISSN 0080-8784
035 ## - SYSTEM CONTROL NUMBER
System control number (WaSeSS)ssj0055070
040 ## - CATALOGING SOURCE
Original cataloging agency UOEL
Language of cataloging eng
Transcribing agency OCoLC
Modifying agency OCoLC
-- GU
-- OCoLC
-- WaSeSS
042 ## - AUTHENTICATION CODE
Authentication code pcc
050 14 - LIBRARY OF CONGRESS CALL NUMBER
Classification number QC610.9
Item number .S48
082 04 - DEWEY DECIMAL CLASSIFICATION NUMBER
Classification number 621.3815/2
Edition number 19
130 0# - MAIN ENTRY--UNIFORM TITLE
Uniform title Semiconductors and semimetals (Online)
210 10 - ABBREVIATED TITLE
Abbreviated title Semiconductors and semimetals
245 10 - TITLE STATEMENT
Title Semiconductors and semimetals
Medium [electronic resource].
260 ## - PUBLICATION, DISTRIBUTION, ETC. (IMPRINT)
Place of publication, distribution, etc. San Diego :
Name of publisher, distributor, etc. Academic Press
Date of publication, distribution, etc. 1993.
300 ## - PHYSICAL DESCRIPTION
Extent 409 p.
310 ## - CURRENT PUBLICATION FREQUENCY
Current publication frequency Irregular
362 1# - DATES OF PUBLICATION AND/OR SEQUENTIAL DESIGNATION
Dates of publication and/or sequential designation Print began with v. 1, published in 1966.
500 ## - GENERAL NOTE
General note Includes Index
506 ## - RESTRICTIONS ON ACCESS NOTE
Terms governing access Access limited to subscribers.
530 ## - ADDITIONAL PHYSICAL FORM AVAILABLE NOTE
Additional physical form available note Also available in print.
538 ## - SYSTEM DETAILS NOTE
System details note Mode of access: World Wide Web.
588 ## - SOURCE OF DESCRIPTION NOTE
Source of description note Description based on: Vol. 81 (2007); title from contents screen (ScienceDirect, viewed Oct. 31, 2011).
Source of description note Latest issue consulted: Vol. 84 (2011) (viewed Oct. 31, 2011).
650 #0 - SUBJECT ADDED ENTRY--TOPICAL TERM
Topical term or geographic name as entry element Semiconductors.
Topical term or geographic name as entry element Semimetals.
655 #0 - INDEX TERM--GENRE/FORM
Genre/form data or focus term Electronic journals.
776 1# - ADDITIONAL PHYSICAL FORM ENTRY
Title Semiconductors and semimetals
International Standard Serial Number 0080-8784
Record control number (DLC)85642319
856 40 - ELECTRONIC LOCATION AND ACCESS
Uniform Resource Identifier <a href="http://www.columbia.edu/cgi-bin/cul/resolve?clio7002419.001">http://www.columbia.edu/cgi-bin/cul/resolve?clio7002419.001</a>
Public note Full text available from ScienceDirect: 1966 to 2008
Uniform Resource Identifier <a href="http://www.columbia.edu/cgi-bin/cul/resolve?clio7002419.002">http://www.columbia.edu/cgi-bin/cul/resolve?clio7002419.002</a>
Public note Full text available from ScienceDirect Complete Book Series: 2001 to present
942 ## - ADDED ENTRY ELEMENTS (KOHA)
Source of classification or shelving scheme Library of Congress Classification
Koha item type Loan - Normal on open shelf
Holdings
Withdrawn status Lost status Source of classification or shelving scheme Damaged status Not for loan Home library Current library Shelving location Date acquired Total Checkouts Full call number Barcode Date last seen Copy number Price effective from Koha item type
    Library of Congress Classification     UOE Main Library UOE Main Library Open shelf 25/05/2015   QC610.9 .S48 vol. 36 10052765 27/04/2026 10052765 25/05/2015 Loan - Normal on open shelf
    Library of Congress Classification     UOE Main Library UOE Main Library Open shelf 25/05/2015   QC610.9 .S48 vol. 38 10052764 27/04/2026 10052764 25/05/2015 Loan - Normal on open shelf
    Library of Congress Classification     UOE Main Library UOE Main Library Open shelf 25/05/2015   QC610.9 .S48 vol. 35 10052750 27/04/2026 10052750 25/05/2015 Loan - Normal on open shelf
    Library of Congress Classification     UOE Main Library UOE Main Library Open shelf 25/05/2015   QC610.9 .S48 vol. 37 10052751 27/04/2026 10052751 25/05/2015 Loan - Normal on open shelf
    Library of Congress Classification     UOE Main Library UOE Main Library Open shelf 25/05/2015   QC610.9 .S48 vol. 34 10055392 27/04/2026 10055392 25/05/2015 Loan - Normal on open shelf
    Library of Congress Classification     UOE Town Campus UOE Town Campus Open shelf 25/05/2015   QC610.9 .S48 vol. 39 10052763 27/04/2026 10052763 25/05/2015 Loan - Normal on open shelf